Hľadanie kritickej cesty v sieti s využitím vybraných prístupov bakalárska práca

Na minha lista:
Detalhes bibliográficos
Autor principal: Višniarová, Miroslava
Autor Corporativo: Fakulta hospodárskej informatiky EU. Katedra operačného výskumu a ekonometrie
Outros Autores: Chocholatá, Michaela, 1977-
Formato: Livro
Idioma:eslovaco
Publicado em: Bratislava 2012
Tags: Adicionar Tag
Sem tags, seja o primeiro a adicionar uma tag!

MARC

LEADER 00000nbm a2200000 4500
001 0156232
005 20161109111946.7
041 0 |a slo 
044 |a SK 
245 1 0 |a Hľadanie kritickej cesty v sieti s využitím vybraných prístupov  |b bakalárska práca  |c Miroslava Višniarová ; školiteľ: Michaela Chocholatá 
264 1 |a Bratislava  |c 2012 
300 |a 60 s. 
100 1 |a Višniarová, Miroslava 
700 1 |a Chocholatá, Michaela, 1977- 
710 2 |a Fakulta hospodárskej informatiky EU. Katedra operačného výskumu a ekonometrie